Colombia rural : razones para la esperanza : resumen ejecutivo (Registro nro. 7613)

Detalles MARC
000 -CABECERA
Campo de control 00849nam a22002417a 4500
005 - FECHA Y HORA DE LA ULTIMA TRANSACCION
Campo de control 20140217155928.0
008 - ELEMENTOS DE LONGITUD FIJA—INFORMACION GENERAL
Campo de control 121218s2011 ck ab gr 00010 spa d
020 ## - ISBN
ISBN 9789588447636
041 0# - IDIOMA
Código de idioma para texto/pista de sonido o título separado Español
044 ## - PAÍS DE PUBLICACIÓN
País de publicación Colombia
082 04 - NUMERO DE CLASIFICACION DECIMAL DEWEY
Número de clasificación 307.1412
Número del ítem P73c
110 2# - ASIENTO PRINCIPAL--NOMBRE CORPORATIVO
Nombre corporativo o de jurisdicción como elemento de entrada Programa de las Naciones Unidas para el Desarrollo.
245 10 - MENCION DE TITULO
Título Colombia rural : razones para la esperanza : resumen ejecutivo
260 ## - PUBLICACION, DISTRIBUCION, ETC. (PIE DE IMPRENTA)
Lugar de publicación, distribución, etc. Bogotá
Nombre del editor, distribuidor, etc. Informe Nacional de Desarrollo Humano
-- PNUD
Fecha de publicación, distribución, etc. 2011
300 ## - DESCRIPCION FISICA
Extensión 87 p.
Otros detalles físicos il., mapas
Dimensiones 27 cm.
504 ## - NOTA DE BIBLIOGRAFIA, ETC.
Nota de bibliografía Incluye referencias bibliográficas.
650 #4 - ASIENTO SECUNDARIO DE MATERIA - TERMINO TEMATICO
Término temático o nombre geográfico como elemento de entrada Desarrollo rural
Subdivisión geográfica Colombia.
650 #4 - ASIENTO SECUNDARIO DE MATERIA - TERMINO TEMATICO
Término temático o nombre geográfico como elemento de entrada Desarrollo humano
Subdivisión geográfica Colombia.
650 #4 - ASIENTO SECUNDARIO DE MATERIA - TERMINO TEMATICO
Término temático o nombre geográfico como elemento de entrada Conflicto armado
Subdivisión geográfica Colombia.
650 #4 - ASIENTO SECUNDARIO DE MATERIA - TERMINO TEMATICO
Término temático o nombre geográfico como elemento de entrada Derechos humanos
Subdivisión geográfica Colombia.
651 #4 - ASIENTO SECUNDARIO DE MATERIA - NOMBRE GEOGRAFICO
Nombre geográfico Colombia
Subdivisión general Política y gobierno.
942 ## - ELEMENTOS ADICIONALES (KOHA)
Sistema de clasificación Dewey Decimal Classification
Tipo de ítem Impreso
Existencias
Withdrawn status Lost status Sistema de Clasificación Damaged status No para préstamo Colección Inventariado Ubicación Permanente Ubicación actual Fecha de adquisición Fuente de Valor Valor Total Checkouts Número topográfico Inventario / Código de Barras Date last seen Ejemplar Price effective from Forma de adquisición Tipo de material Fecha publicación (Año)
    Dewey Decimal Classification     General Inventariado 2017 Bogotá Bogotá 22/08/2013 Instituto 39000.00   LB-307.1412 P73c2 058410 22/08/2013 Ej. 1 22/08/2013   Libro  
    Dewey Decimal Classification     General Inventariado 2017 Sala Fabio Quevedo Sala Fabio Quevedo 03/07/2015 Instituto 39000.00   LB-307.1412 P73c2 039126 03/07/2015 Ej. 2 03/07/2015   Libro 2011